Controle externo : (Record no. 416)

MARC details
000 -LÍDER
Campo Fixo de Controle 00845cam a2200253 a 4500
001 - NÚMERO DE CONTROLE
Campo de Controle 416
003 - IDENTIFICAÇÃO DO NÚMERO DE CONTROLE
Campo de Controle BR-CuiBMT
005 - DATA E HORA DA ÚLTIMA ATUALIZAÇÃO
Campo de Controle 20231122230136.0
008 - DADOS FIXOS
Dados Fixos 231106s2011 rjb 000 0 por d
040 ## - AGÊNCIA CATALOGADORA
Código da Agência Catalogadora BR-CuiBMT
Agência que transcreveu o registro BR-CuiBMT
080 ## - Nº DA CLASSIFICAÇÃO DECIMAL UNIVERSAL
Nº edição CDU 2007
Nº Class. CDU 35.078.3
Subd. Auxiliar Comum (079.1)
090 ## - NÚMERO DE CHAMADA
Nº classificação 35.078.3(079.1)
Cutter L732c
Ano/Edição 4. ed.
100 1# - ENTRADA PRINCIPAL -- AUTOR PESSOAL
Nome pessoal Lima, Luiz Henrique
245 10 - TÍTULO PRINCIPAL
Título principal Controle externo :
Subtítulo teoria, jurisprudência e mais de 500 questões /
Indicação de responsabilidade Luiz Henrique Lima.
250 ## - EDIÇÃO
Edição 4. ed., rev., ampl. e atual.
260 ## - PUBLICAÇÃO, DISTRIBUIÇÃO, ETC.
Local de publicação Rio de Janeiro :
Editora Elsevier,
Data 2011.
300 ## - DESCRIÇÃO FÍSICA
N. páginas ou volumes 503 p. :
Ilustrações il. ;
Dimensões 24 cm
490 1# - INDICAÇÃO DE SÉRIE
Título da série Série provas e concursos
504 ## - NOTA DE BIBLIOGRAFIA, ETC.
Nota de bibliografia Inclui bibliografia.
650 ## - ASSUNTO TÓPICO
Cabeçalho tópico ou nome geográfico Controle externo
Subdivisão geral Estudo e ensino
Subdivisão geográfica Brasil
650 ## - ASSUNTO TÓPICO
Cabeçalho tópico ou nome geográfico Controle externo
Subdivisão geral Jurisprudência
-- Problemas e exercícios
830 #0 - ENTRADA SECUNDÁRIA DE SÉRIE -- TÍTULO UNIFORME
Título uniforme Provas e concursos
942 ## - ELEMENTOS DE ENTRADA ADICIONAIS (KOHA)
Fonte de classificação ou esquema de arquivamento Classificação Decimal Universal
Tipo de item do Koha Livros
Holdings
Estado: removido Estado: perdido Fonte de classificação ou esquema de arquivamento Estado: danificado Indisponível para empréstimo Localização permanente Localização atual Data de aquisição Total Checkouts Número de Chamada completo Código de barras Date last seen Número do exemplar Preço efetivo a partir de Tipo de item (Koha)
    Classificação Decimal Universal     Biblioteca da Escola Superior de Contas do TCE/MT Biblioteca da Escola Superior de Contas do TCE/MT 06/11/2023   35.078.3(079.1) L732c 4. ed. BIBTCEMT23110145 06/11/2023 Ex. 1 06/11/2023 Livros
    Classificação Decimal Universal     Biblioteca da Escola Superior de Contas do TCE/MT Biblioteca da Escola Superior de Contas do TCE/MT 06/11/2023   35.078.3(079.1) L732c 4. ed. BIBTCEMT23110146 06/11/2023 Ex. 2 06/11/2023 Livros
    Classificação Decimal Universal     Biblioteca da Escola Superior de Contas do TCE/MT Biblioteca da Escola Superior de Contas do TCE/MT 06/11/2023   35.078.3(079.1) L732c 4. ed. BIBTCEMT23110147 06/11/2023 Ex. 3 06/11/2023 Livros
    Classificação Decimal Universal     Biblioteca da Escola Superior de Contas do TCE/MT Biblioteca da Escola Superior de Contas do TCE/MT 06/11/2023   35.078.3(079.1) L732c 4. ed. BIBTCEMT23110148 06/11/2023 Ex. 4 06/11/2023 Livros

Powered by Koha